|
|
|
|
| LEADER |
01174nam a2200241 a 4500 |
| 001 |
GR-MES15214 |
| 008 |
080819s2006 gr b 001 b eng d |
| 020 |
|
|
|a 0813805392
|q alk. paper
|
| 040 |
|
|
|a GrPaTEI
|b gre
|c GR-PaULI
|
| 082 |
|
0 |
|a 639.8
|2 21
|
| 245 |
0 |
0 |
|a Aquaculture biosecurity :
|b Prevention, control, and eradication of aquatic animal disease /
|c Edited by A. David Scarfe, Cheng-Sheng Lee, Patricia J. O' Bryen.
|
| 260 |
|
|
|a Ames, Iowa :
|b Blackwell,
|c c2006
|
| 300 |
|
|
|a xii, 182 σ. :
|b διαγ., εικ., χάρ. ;
|c 26 εκ.
|
| 504 |
|
|
|a Περιλαμβάνει βιβλιογραφικές αναφορές και ευρετήριο.
|
| 650 |
|
4 |
|a ΥΔΑΤΟΚΑΛΛΙΕΡΓΕΙΑ
|x ΠΡΟΛΗΨΗ
|
| 650 |
|
4 |
|a ΨΑΡΙΑ
|x ΑΣΘΕΝΕΙΕΣ
|x ΠΡΟΛΗΨΗ
|
| 700 |
1 |
|
|a Lee, Cheng-Sheng
|
| 700 |
1 |
|
|a O' Bryen, Patricia J.
|
| 700 |
1 |
|
|a Scarfe, A. David
|
| 942 |
|
|
|2 ddc
|
| 952 |
|
|
|0 0
|1 0
|2 ddc
|4 0
|6 639_800000000000000_AQU
|7 0
|9 273040
|a MSLG
|b MSLG
|c BSC
|d 2021-01-17
|e 24
|f 0
|g 0.00
|l 0
|o 639.8 AQU
|p 2420000024033
|r 2021-01-17 00:00:00
|t 1
|w 2021-01-17
|y BK15
|x 20090603 0 ΤΣΑΝΤΑΡΛΙΩΤΗ 1
|x GrPaTEI
|
| 971 |
|
|
|a .b25812634
|b 15-04-20
|c 13-09-16
|
| 999 |
|
|
|c 158042
|d 158042
|